| 000 | 01606cam a22004094a 4500 | ||
|---|---|---|---|
| 001 | 11914827 | ||
| 003 | OSt | ||
| 005 | 20140310182128.0 | ||
| 008 | 000216s2001 mnua c b 001 0beng | ||
| 010 | _a 00025636 | ||
| 020 | _a0736805818 (lib. bdg.) | ||
| 040 |
_aDLC _cDLC _dDLC |
||
| 042 |
_apcc _alcac |
||
| 043 | _an-us--- | ||
| 050 | 0 | 0 |
_aGV 964.W66 _b.Si57 2001 |
| 082 | 0 | 0 |
_aHS 796.352 _bSi7 2001 |
| 100 | 1 |
_aSirimarco, Elizabeth _d1966- _914474 |
|
| 245 | 1 | 0 |
_aTiger Woods / _cElizabeth Sirimarco. |
| 260 |
_aMankato, Minn. : _bCapstone Books, _cc2001. |
||
| 300 |
_a48 p. : _bcol. ill. ; _c23 cm. |
||
| 490 | 1 | _aSports heroes | |
| 504 | _aIncludes bibliographical references (p. 45) and index. | ||
| 520 | _aExamines the life and golfing accomplishments of Tiger Woods, the first golfer of African or Asian heritage to win a Major. | ||
| 521 | _aGrade six students | ||
| 526 | _c950L to 1040L | ||
| 541 | _j1 | ||
| 562 | _eFor circulation. One copy available in the collection. | ||
| 600 | 1 | 0 |
_aWoods, Tiger _vJuvenile literature. _914475 |
| 600 | 1 | 1 |
_aWoods, Tiger. _914476 |
| 650 | 0 |
_aGolfers _zUnited States _vBiography _vJuvenile literature. _914477 |
|
| 650 | 1 |
_aGolfers. _914478 |
|
| 650 | 1 |
_aRacially mixed people _vBiography. _914479 |
|
| 830 | 0 |
_aSports heroes (Mankato, Minn.) _914480 |
|
| 906 |
_a7 _bcbc _corignew _d1 _eocip _f20 _gy-gencatlg |
||
| 942 |
_2lcc _cHS _k |
||
| 999 |
_c9642 _d9642 |
||